000 00588nam a2200205 i 4500
001 135578
003 ES-MaACL
005 20250911062654.0
007 t|
008 070719s1957 sp ||||1| spa d
100 1 _aTorrente, José Vicente.
_9110846
245 1 3 _aEl becerro de oro /
_cJosé Vicente Torrente.
250 _a[1ª ed.].
260 _aBarcelona :
_bDestino,
_c[1957]
300 _a221 p. :
_bil. ;
_c18 cm.
490 1 _aCol. Ancora Delfín ;
_v138
830 0 0 _aÁncora y Delfín
_v138
_9151298
852 _aES-MaACL
_jC-14281
_bR.41367
999 _c135578
_d135578